<?xml version="1.0" encoding="UTF-8"?>
<collection xmlns="http://www.loc.gov/MARC21/slim">
 <record>
  <leader>00604nam a22001935a 4500</leader>
  <controlfield tag="001">CEM.cems024468</controlfield>
  <controlfield tag="008">250206s1983####ag############000#0#und#d</controlfield>
  <controlfield tag="005">20250206154719.0</controlfield>
  <datafield tag="245" ind1="1" ind2="0">
   <subfield code="a">El retrato de Dorian Gray /</subfield>
   <subfield code="c">Oscar Wilde.</subfield>
  </datafield>
  <datafield tag="250" ind1=" " ind2=" ">
   <subfield code="a">1a ed.</subfield>
  </datafield>
  <datafield tag="260" ind1=" " ind2=" ">
   <subfield code="a">Buenos Aires :</subfield>
   <subfield code="b">Hyspamerica,</subfield>
   <subfield code="c">1983.</subfield>
  </datafield>
  <datafield tag="300" ind1=" " ind2=" ">
   <subfield code="a">286 p.</subfield>
  </datafield>
  <datafield tag="490" ind1="1" ind2=" ">
   <subfield code="a">Historia Universal de la Literatura ;</subfield>
   <subfield code="v">17</subfield>
  </datafield>
  <datafield tag="020" ind1=" " ind2=" ">
   <subfield code="a">9506140197</subfield>
  </datafield>
  <datafield tag="100" ind1="1" ind2=" ">
   <subfield code="a">Wilde, Oscar.</subfield>
  </datafield>
  <datafield tag="700" ind1="1" ind2=" ">
   <subfield code="a">Gómez de la Serna, Julio; trad.</subfield>
  </datafield>
  <datafield tag="653" ind1=" " ind2=" ">
   <subfield code="a">Novela irlandesa</subfield>
  </datafield>
  <datafield tag="653" ind1=" " ind2=" ">
   <subfield code="a">Literatura irlandesa</subfield>
  </datafield>
  <datafield tag="859" ind1=" " ind2=" ">
   <subfield code="a">CEMS</subfield>
   <subfield code="b">BIB. CEMS - 11 de abril</subfield>
   <subfield code="h">891.623</subfield>
   <subfield code="i">W644-1</subfield>
   <subfield code="p">29721.24</subfield>
   <subfield code="t">Ej.1</subfield>
  </datafield>
 </record>
</collection>
